My Girlhood (Record no. 160587)

MARC details
000 -LEADER
fixed length control field 00509nam a22001817a 4500
005 - DATE AND TIME OF LATEST TRANSACTION
control field 20190205145701.0
010 ## - LCCN (DPL NO)
LC control number B-060266
020 ## - INTERNATIONAL STANDARD BOOK NUMBER
International Standard Book Number 8186706461
035 ## - SYSTEM CONTROL NUMBER
System control number B-060266
037 ## - SOURCE OF ACQUISITION
Source of stock number/acquisition Kali for Women
082 ## - DEWEY DECIMAL CLASSIFICATION NUMBER
Classification number 881.092
100 ## - MAIN ENTRY--PERSONAL NAME
Personal name Nasrin, Taslima
245 ## - TITLE STATEMENT
Title My Girlhood
Remainder of title an autobiography
Statement of responsibility, etc by Taslima Nasrin
260 ## - PUBLICATION, DISTRIBUTION, ETC. (IMPRINT)
Place of publication, distribution, etc New Delhi
Name of publisher, distributor, etc Kali for Women
Date of publication, distribution, etc 2000
300 ## - PHYSICAL DESCRIPTION
Extent 324p.
Dimensions 18cm.(Hb)
942 ## - ADDED ENTRY ELEMENTS (KOHA)
Source of classification or shelving scheme Dewey Decimal Classification
Item type English Books
Classification part 881.092
Call number suffix NAS
Holdings
Withdrawn status Lost status Not for loan Collection code Home library Current library Date acquired Full call number Barcode Koha item type
      Non-fiction Sarojini Nagar Sarojini Nagar 05/02/2019 881.092 NAS B-060266 English Books

© Delhi Public Library
Hit Counter
free hit counter